000 00666nam a2200181 i 4500
001 80169
003 ES-MaACL
005 20250628034508.0
007 t|
008 041026s1981 sp ||||1| spa d
245 0 0 _aHistoria de los pueblos de la provincia de Cádiz
_b: I. San Fernando /
_c[redactores, Antonio Alvarez Martínez ... [et al.] ; ilustraciones, Antonio Sáez Espligares].
260 _aCádiz :
_bDiputación Provincial de Cádiz,
_c[1981]
300 _a133 p. :
_bil. ;
_c24 cm.
700 1 _aÁlvarez Martínez, Antonio
_920871
700 0 _aSáez Espligares, Antonio.
_9101368
852 _aES-MaACL
_jL-1947
_bR.102677
999 _c80169
_d80169